Diploma will make history (Record no. 62472)

MARC details
000 -LEADER
fixed length control field 00816cam a2200217 4500
001 - CONTROL NUMBER
control field WB3606-27
008 - FIXED-LENGTH DATA ELEMENTS--GENERAL INFORMATION
fixed length control field 000000n2000 000 0 eng u
035 ## - SYSTEM CONTROL NUMBER
System control number (Sirsi) u104097
245 ## - TITLE STATEMENT
Title Diploma will make history
260 ## - PUBLICATION, DISTRIBUTION, ETC.
Date of publication, distribution, etc. 2000
490 ## - SERIES STATEMENT
Series statement Estate Agency News
Volume/sequential designation (153) February 2000, 20(1)
520 ## - SUMMARY, ETC.
Summary, etc. A Residential Letting and Management Diploma is to be launched by the Guild of Letting and Management in April. The diploma will cover all aspects of letting and property management and will provide a recognised qualification for letting agents.
590 ## - LOCAL NOTE (RLIN)
Local note WB
650 ## - SUBJECT ADDED ENTRY--TOPICAL TERM
Topical term or geographic name entry element RESIDENTIAL LETTINGS
650 ## - SUBJECT ADDED ENTRY--TOPICAL TERM
Topical term or geographic name entry element QUALIFICATIONS
650 ## - SUBJECT ADDED ENTRY--TOPICAL TERM
Topical term or geographic name entry element DIPLOMAS
650 ## - SUBJECT ADDED ENTRY--TOPICAL TERM
Topical term or geographic name entry element LETTING AGENTS
650 ## - SUBJECT ADDED ENTRY--TOPICAL TERM
Topical term or geographic name entry element GUILD OF LETTING AND MANAGEMENT
690 ## - LOCAL SUBJECT ADDED ENTRY--TOPICAL TERM (OCLC, RLIN)
Topical term or geographic name as entry element PROPERTY MANAGEMENT-RESIDENTIAL PROPERTY
942 ## - ADDED ENTRY ELEMENTS (KOHA)
Suppress in OPAC 0
Holdings
Withdrawn status Lost status Source of classification or shelving scheme Damaged status Not for loan Home library Current library Shelving location Date acquired Total Checkouts Full call number Barcode Date last seen Copy number Price effective from Koha item type
    Dewey Decimal Classification     London London News article 09/02/2000   WB3606-27 104097-1001 06/08/2019 1 06/08/2019 News article